[Event "AalborgOgJetsmarkPartier"]
[Site "Strandvejen12-14, Aalborg"]
[Date "2018.03.04"]
[Round "1.1"]
[White "Steffensen, Elena"]
[Black "Høiberg, Erling"]
[Result "1-0"]
[BlackElo "2109"]
[WhiteElo "2027"]
[LiveChessVersion "1.4.8"]

1. e4 c6 2. Nc3 {[%clk 1:29:29]} d5 {[%clk 1:30:32]} 3. Nf3 {[%clk 1:29:36]} g6
{[%clk 1:29:18]} 4. d4 {[%clk 1:24:18]} Bg7 {[%clk 1:29:24]} 5. exd5
{[%clk 1:17:43]} cxd5 {[%clk 1:29:37]} 6. Bb5+ {[%clk 1:16:49]} Bd7
{[%clk 1:23:09]} 7. Bxd7+ {[%clk 1:16:02]} Qxd7 {[%clk 1:23:30]} 8. Ne5
{[%clk 1:13:50]} Qe6 {[%clk 1:20:11]} 9. O-O {[%clk 1:11:28]} Nc6
{[%clk 1:15:10]} 10. Re1 {[%clk 1:09:23]} Nxe5 {[%clk 1:02:46]} 11. dxe5
{[%clk 1:09:42]} Rd8 {[%clk 1:03:08]} 12. Nb5 {[%clk 1:05:38]} Qb6
{[%clk 0:59:15]} 13. a4 {[%clk 1:00:35]} d4 {[%clk 0:49:05]} 14. Bf4
{[%clk 0:53:07]} a6 {[%clk 0:48:01]} 15. Na3 {[%clk 0:52:42]} Qc6
{[%clk 0:35:10]} 16. Qe2 {[%clk 0:47:49]} Nh6 {[%clk 0:31:20]} 17. Qe4
{[%clk 0:42:56]} O-O {[%clk 0:25:53]} 18. Rad1 {[%clk 0:36:56]} Nf5
{[%clk 0:19:56]} 19. Qxc6 {[%clk 0:35:51]} bxc6 {[%clk 0:20:19]} 20. Rd3
{[%clk 0:34:20]} h5 {[%clk 0:20:25]} 21. h3 {[%clk 0:33:07]} Rd5 {[%clk 0:18:03]}
22. Nc4 {[%clk 0:31:04]} e6 {[%clk 0:16:31]} 23. Re4 {[%clk 0:27:31]} Rb8
{[%clk 0:15:41]} 24. b3 {[%clk 0:27:39]} Bf8 {[%clk 0:15:29]} 25. g4
{[%clk 0:27:00]} hxg4 {[%clk 0:15:19]} 26. hxg4 {[%clk 0:27:21]} Nh6
{[%clk 0:14:14]} 27. Bxh6 {[%clk 0:23:17]} Bxh6 {[%clk 0:14:36]} 28. Rexd4
{[%clk 0:23:15]} Rbd8 {[%clk 0:14:00]} 29. Rxd5 {[%clk 0:19:05]} cxd5
{[%clk 0:14:21]} 30. Ne3 {[%clk 0:12:18]} Bf4 {[%clk 0:13:23]} 31. c4
{[%clk 0:11:39]} Bxe5 {[%clk 0:13:33]} 32. cxd5 {[%clk 0:11:43]} Bf4
{[%clk 0:13:54]} 33. Ng2 {[%clk 0:09:25]} Bc7 {[%clk 0:05:55]} 34. Ne3
{[%clk 0:07:57]} Kf8 {[%clk 0:05:22]} 35. Rd1 {[%clk 0:07:17]} e5
{[%clk 0:04:19]} 36. Rc1 {[%clk 0:04:21]} Bb6 {[%clk 0:03:52]} 37. Rc6
{[%clk 0:04:04]} Bxe3 {[%clk 0:04:10]} 38. fxe3 {[%clk 0:04:23]} Rxd5
{[%clk 0:04:29]} 39. Rxa6 {[%clk 0:04:22]} Rd3 {[%clk 0:04:30]} 40. Rb6
{[%clk 0:03:44]} Rxe3 {[%clk 0:04:49]} 41. a5 {[%clk 0:04:03]} Re1+
{[%clk 0:04:57]} 42. Kf2 {[%clk 0:04:17]} Ra1 {[%clk 0:05:19]} 43. b4
{[%clk 0:03:20]} Ra4 {[%clk 0:03:31]} 44. g5 {[%clk 0:01:39]} 1-0

[Event "AalborgOgJetsmarkPartier"]
[Site "Strandvejen12-14, Aalborg"]
[Date "2018.03.04"]
[Round "1.2"]
[White "Husted, Peter"]
[Black "Rasmussen, Rene"]
[Result "1-0"]
[BlackElo "2029"]
[WhiteElo "2108"]
[LiveChessVersion "1.4.8"]

1. d4 {[%clk 1:30:54]} Nf6 {[%clk 1:30:55]} 2. Bf4 {[%clk 1:31:17]} d5
{[%clk 1:31:18]} 3. e3 {[%clk 1:28:51]} Bf5 {[%clk 1:27:18]} 4. Nf3
{[%clk 1:21:44]} e6 {[%clk 1:27:12]} 5. Be2 {[%clk 1:13:59]} Bd6 {[%clk 1:26:02]}
6. Ne5 {[%clk 1:10:00]} Bxe5 {[%clk 1:14:42]} 7. Bxe5 {[%clk 1:09:59]} O-O
{[%clk 1:11:52]} 8. O-O {[%clk 1:10:03]} Nbd7 {[%clk 1:11:53]} 9. Bf4
{[%clk 1:10:05]} h6 {[%clk 1:09:44]} 10. c4 {[%clk 1:08:17]} g5 {[%clk 0:52:39]}
11. Bg3 {[%clk 1:08:13]} Ne4 {[%clk 0:52:56]} 12. Nc3 {[%clk 1:07:42]} Nxg3
{[%clk 0:52:26]} 13. hxg3 {[%clk 1:08:02]} c6 {[%clk 0:51:55]} 14. Bd3
{[%clk 1:03:57]} Bxd3 {[%clk 0:52:11]} 15. Qxd3 {[%clk 1:04:21]} f5
{[%clk 0:35:13]} 16. g4 {[%clk 1:03:48]} Qf6 {[%clk 0:27:32]} 17. gxf5
{[%clk 1:02:45]} Qxf5 {[%clk 0:27:17]} 18. e4 {[%clk 0:54:28]} Qg6
{[%clk 0:23:45]} 19. Rad1 {[%clk 0:45:42]} Nf6 {[%clk 0:22:41]} 20. cxd5
{[%clk 0:44:06]} cxd5 {[%clk 0:21:28]} 21. e5 {[%clk 0:43:20]} Qxd3
{[%clk 0:21:45]} 22. Rxd3 {[%clk 0:43:47]} Nh5 {[%clk 0:17:26]} 23. Rh3
{[%clk 0:43:34]} Nf4 {[%clk 0:17:53]} 24. Rxh6 {[%clk 0:43:26]} Kg7
{[%clk 0:18:22]} 25. Rh2 {[%clk 0:42:17]} Rac8 {[%clk 0:15:53]} 26. Rd1
{[%clk 0:42:32]} Kg6 {[%clk 0:13:40]} 27. g3 {[%clk 0:42:34]} Nh5
{[%clk 0:13:54]} 28. Kg2 {[%clk 0:42:36]} g4 {[%clk 0:12:16]} 29. Rh4
{[%clk 0:31:12]} Kg5 {[%clk 0:12:16]} 30. Rdh1 {[%clk 0:30:48]} Rh8
{[%clk 0:09:49]} 31. Ne2 {[%clk 0:30:53]} Rcf8 {[%clk 0:08:06]} 32. Kg1
{[%clk 0:22:07]} Rc8 {[%clk 0:07:05]} 33. Nf4 {[%clk 0:20:00]} Rc1+
{[%clk 0:02:52]} 34. Kg2 {[%clk 0:20:23]} Rxh1 {[%clk 0:03:19]} 35. Rxh1
{[%clk 0:20:50]} Rh6 {[%clk 0:03:18]} 36. f3 {[%clk 0:16:49]} gxf3+
{[%clk 0:01:44]} 37. Kxf3 {[%clk 0:17:08]} Ng7 {[%clk 0:02:04]} 38. Rxh6
{[%clk 0:16:57]} Kxh6 {[%clk 0:02:32]} 39. Kg4 {[%clk 0:14:40]} b6
{[%clk 0:02:53]} 40. b3 {[%clk 0:14:37]} a6 {[%clk 0:02:30]} 41. a3
{[%clk 0:14:51]} b5 {[%clk 0:30:31]} 42. b4 {[%clk 0:46:16]} Nf5 {[%clk 0:30:52]}
43. Nxe6 {[%clk 0:46:31]} Ne3+ {[%clk 0:31:20]} 44. Kf4 {[%clk 0:45:53]} Nc2
{[%clk 0:31:40]} 45. Nc7 {[%clk 0:44:24]} Nxd4 {[%clk 0:30:21]} 46. e6
{[%clk 0:43:00]} Nc6 {[%clk 0:29:52]} 47. Nxa6 {[%clk 0:41:17]} Kg6
{[%clk 0:29:52]} 48. Nc7 {[%clk 0:41:39]} Kf6 {[%clk 0:29:36]} 49. Nxd5+
{[%clk 0:42:00]} Kxe6 {[%clk 0:29:59]} 50. Nc7+ {[%clk 0:42:25]} Kd6
{[%clk 0:29:05]} 51. Nxb5+ {[%clk 0:42:30]} Kd5 {[%clk 0:29:32]} 52. g4
{[%clk 0:40:29]} Kc4 {[%clk 0:29:42]} 53. Nd6+ {[%clk 0:37:16]} 1-0

[Event "AalborgOgJetsmarkPartier"]
[Site "Strandvejen12-14, Aalborg"]
[Date "2018.03.04"]
[Round "1.3"]
[White "Kovshøj, Sune"]
[Black "Nielsen, Thorkild Borup"]
[Result "1-0"]
[BlackElo "2023"]
[WhiteElo "2002"]
[LiveChessVersion "1.4.8"]

1. e4 {[%clk 1:30:57]} c6 {[%clk 1:30:54]} 2. d4 {[%clk 1:31:17]} d5
{[%clk 1:31:22]} 3. Nc3 {[%clk 1:31:31]} dxe4 {[%clk 1:31:45]} 4. Nxe4
{[%clk 1:31:54]} Bf5 {[%clk 1:32:06]} 5. Ng3 {[%clk 1:32:15]} Bg6
{[%clk 1:32:29]} 6. Nf3 {[%clk 1:32:09]} Nd7 {[%clk 1:32:49]} 7. Bd3
{[%clk 1:31:55]} Bxd3 {[%clk 1:33:04]} 8. Qxd3 {[%clk 1:32:19]} e6
{[%clk 1:33:18]} 9. O-O {[%clk 1:28:06]} Ngf6 {[%clk 1:33:22]} 10. Re1
{[%clk 1:24:15]} Be7 {[%clk 1:33:03]} 11. c4 {[%clk 1:23:08]} O-O
{[%clk 1:28:32]} 12. Bd2 {[%clk 1:10:22]} Re8 {[%clk 1:21:42]} 13. Bc3
{[%clk 1:07:51]} Qc7 {[%clk 1:16:48]} 14. Rad1 {[%clk 1:07:07]} Rad8
{[%clk 1:15:55]} 15. Qc2 {[%clk 0:58:04]} c5 {[%clk 1:08:12]} 16. d5
{[%clk 0:51:48]} exd5 {[%clk 1:07:33]} 17. cxd5 {[%clk 0:51:38]} Nb6
{[%clk 1:04:28]} 18. Be5 {[%clk 0:49:17]} Qc8 {[%clk 1:01:24]} 19. d6
{[%clk 0:47:19]} Bf8 {[%clk 1:00:44]} 20. Ng5 {[%clk 0:42:06]} Rxe5
{[%clk 0:50:20]} 21. Rxe5 {[%clk 0:42:24]} Bxd6 {[%clk 0:50:25]} 22. Nf5
{[%clk 0:38:43]} Qc7 {[%clk 0:46:30]} 23. Nxd6 {[%clk 0:36:26]} Rxd6
{[%clk 0:46:39]} 24. Rde1 {[%clk 0:36:35]} 1-0

[Event "AalborgOgJetsmarkPartier"]
[Site "Strandvejen12-14, Aalborg"]
[Date "2018.03.04"]
[Round "1.4"]
[White "Svendsen, Mads Overgaard"]
[Black "Bech, Thomas Heine"]
[Result "1-0"]
[BlackElo "1984"]
[WhiteElo "1890"]
[LiveChessVersion "1.4.8"]

1. e4 {[%clk 1:30:50]} c6 {[%clk 1:30:51]} 2. d4 {[%clk 1:31:02]} d5
{[%clk 1:31:16]} 3. Nc3 {[%clk 1:31:07]} dxe4 {[%clk 1:31:39]} 4. Nxe4
{[%clk 1:31:34]} Nf6 {[%clk 1:31:58]} 5. Nxf6+ {[%clk 1:31:30]} gxf6
{[%clk 1:32:17]} 6. c3 {[%clk 1:26:50]} Bf5 {[%clk 1:32:31]} 7. Nf3
{[%clk 1:27:13]} e6 {[%clk 1:32:43]} 8. g3 {[%clk 1:26:11]} Bd6 {[%clk 1:32:00]}
9. Bg2 {[%clk 1:26:17]} Nd7 {[%clk 1:31:45]} 10. O-O {[%clk 1:26:31]} Qc7
{[%clk 1:31:28]} 11. Qe2 {[%clk 1:26:37]} O-O-O {[%clk 1:31:09]} 12. Nh4
{[%clk 1:25:07]} Bg6 {[%clk 1:30:12]} 13. b4 {[%clk 1:24:17]} f5 {[%clk 1:28:49]}
14. f4 {[%clk 1:22:56]} Rde8 {[%clk 1:27:22]} 15. Be3 {[%clk 1:22:09]} Nf6
{[%clk 1:24:06]} 16. a4 {[%clk 1:19:57]} Nd5 {[%clk 1:23:33]} 17. Bd2
{[%clk 1:19:15]} f6 {[%clk 1:22:49]} 18. c4 {[%clk 1:02:56]} Nxb4
{[%clk 1:19:19]} 19. c5 {[%clk 1:02:26]} Nc2 {[%clk 1:19:10]} 20. cxd6
{[%clk 0:57:51]} Qxd6 {[%clk 1:15:38]} 21. Rac1 {[%clk 0:56:52]} Nxd4
{[%clk 1:13:06]} 22. Qc4 {[%clk 0:53:35]} Bh5 {[%clk 1:12:13]} 23. Bb4
{[%clk 0:47:53]} Qd7 {[%clk 1:10:56]} 24. Nf3 {[%clk 0:41:22]} Bxf3
{[%clk 1:10:55]} 25. Bxf3 {[%clk 0:41:37]} Nxf3+ {[%clk 1:11:00]} 26. Rxf3
{[%clk 0:41:37]} Qd5 {[%clk 1:10:56]} 27. Qxd5 {[%clk 0:37:57]} exd5
{[%clk 1:11:24]} 28. Bc5 {[%clk 0:30:30]} Re4 {[%clk 1:01:37]} 29. a5
{[%clk 0:30:58]} a6 {[%clk 0:59:58]} 30. Re3 {[%clk 0:25:08]} Rhe8
{[%clk 0:58:52]} 31. Rce1 {[%clk 0:24:32]} Kd7 {[%clk 0:57:54]} 32. Kf2
{[%clk 0:21:17]} Rg8 {[%clk 0:57:15]} 33. Kg2 {[%clk 0:11:19]} h5
{[%clk 0:49:54]} 34. Rxe4 {[%clk 0:10:42]} fxe4 {[%clk 0:50:05]} 35. f5
{[%clk 0:11:00]} h4 {[%clk 0:49:18]} 36. Kh3 {[%clk 0:08:57]} hxg3
{[%clk 0:48:50]} 37. hxg3 {[%clk 0:09:25]} Rh8+ {[%clk 0:48:19]} 38. Kg2
{[%clk 0:09:49]} Rh7 {[%clk 0:44:16]} 39. g4 {[%clk 0:09:19]} Rh4
{[%clk 0:43:55]} 40. Kg3 {[%clk 0:09:38]} Rh7 {[%clk 0:43:29]} 41. Rb1
{[%clk 0:09:14]} Kc7 {[%clk 0:42:17]} 42. Bd4 {[%clk 0:07:24]} Rf7
{[%clk 0:41:19]} 43. Kf4 {[%clk 0:02:44]} Kd8 {[%clk 0:39:52]} 44. Rh1
{[%clk 0:02:38]} Kd7 {[%clk 0:38:21]} 45. Bc5 {[%clk 0:02:22]} Kc7
{[%clk 0:37:34]} 46. Rh6 {[%clk 0:02:13]} Kd7 {[%clk 0:37:24]} 47. Rh8
{[%clk 0:29:43]} Kc7 {[%clk 1:07:25]} 48. Re8 {[%clk 0:29:57]} Kd7
{[%clk 1:07:27]} 49. Rb8 {[%clk 0:30:09]} Kc7 {[%clk 1:07:04]} 50. Rh8
{[%clk 0:30:11]} Kd7 {[%clk 1:07:13]} 51. Rh6 {[%clk 0:30:33]} Ke8
{[%clk 1:06:56]} 52. g5 {[%clk 0:28:09]} fxg5+ {[%clk 1:07:18]} 53. Kxg5
{[%clk 0:28:38]} Rg7+ {[%clk 1:05:40]} 54. Kf6 {[%clk 0:28:24]} Rg8
{[%clk 1:03:51]} 55. Rh7 1-0

[Event "AalborgOgJetsmarkPartier"]
[Site "Strandvejen12-14, Aalborg"]
[Date "2018.03.04"]
[Round "1.5"]
[White "Jensen, Alexander Eeg"]
[Black "Jacobsen, Jacob"]
[Result "1-0"]
[BlackElo "1807"]
[WhiteElo "1926"]
[LiveChessVersion "1.4.8"]

1. e4 {[%clk 1:30:49]} e6 {[%clk 1:30:47]} 2. d3 {[%clk 1:30:26]} d5
{[%clk 1:30:37]} 3. Nd2 {[%clk 1:30:12]} Nf6 {[%clk 1:30:41]} 4. g3
{[%clk 1:28:45]} dxe4 {[%clk 1:28:34]} 5. dxe4 {[%clk 1:26:53]} e5
{[%clk 1:25:58]} 6. Ngf3 {[%clk 1:24:29]} Nc6 {[%clk 1:25:03]} 7. Bc4
{[%clk 1:12:24]} Be7 {[%clk 1:19:35]} 8. c3 {[%clk 1:09:28]} O-O {[%clk 1:18:23]}
9. Qe2 {[%clk 1:06:58]} Bd6 {[%clk 1:07:47]} 10. a4 {[%clk 0:59:47]} Qe7
{[%clk 1:06:42]} 11. a5 {[%clk 0:54:44]} Nd8 {[%clk 0:58:35]} 12. Bd3
{[%clk 0:47:08]} Bd7 {[%clk 0:50:20]} 13. O-O {[%clk 0:42:55]} Bg4
{[%clk 0:46:44]} 14. Nc4 {[%clk 0:35:22]} h6 {[%clk 0:42:11]} 15. Ne3
{[%clk 0:32:07]} Bh3 {[%clk 0:35:44]} 16. Re1 {[%clk 0:32:08]} Qd7
{[%clk 0:32:31]} 17. Kh1 {[%clk 0:22:43]} a6 {[%clk 0:30:12]} 18. Ng1
{[%clk 0:22:51]} Be6 {[%clk 0:28:57]} 19. Kg2 {[%clk 0:21:20]} Nc6
{[%clk 0:25:57]} 20. h3 {[%clk 0:18:37]} Rfe8 {[%clk 0:24:26]} 21. Nc4
{[%clk 0:17:17]} Bf8 {[%clk 0:19:54]} 22. Be3 {[%clk 0:17:07]} Rad8
{[%clk 0:19:59]} 23. Red1 {[%clk 0:17:02]} Qc8 {[%clk 0:19:56]} 24. f3
{[%clk 0:13:33]} Nd7 {[%clk 0:19:11]} 25. b4 {[%clk 0:12:57]} Ne7
{[%clk 0:16:38]} 26. Qb2 {[%clk 0:12:01]} f5 {[%clk 0:12:25]} 27. b5
{[%clk 0:11:46]} fxe4 28. fxe4 {[%clk 0:11:50]} Ng6 {[%clk 0:10:51]} 29. bxa6
{[%clk 0:05:03]} bxa6 {[%clk 0:09:09]} 30. Be2 {[%clk 0:02:07]} Nc5
{[%clk 0:06:47]} 31. Nd2 {[%clk 0:02:27]} Qa8 {[%clk 0:05:51]} 32. Qc2
{[%clk 0:02:32]} Qc6 {[%clk 0:04:44]} 33. Ngf3 {[%clk 0:02:07]} Qd7
{[%clk 0:03:31]} 34. h4 {[%clk 0:02:20]} Qc6 {[%clk 0:00:50]} 35. h5
{[%clk 0:02:33]} Nh8 {[%clk 0:00:49]} 36. Nxe5 {[%clk 0:02:15]} Qa8
{[%clk 0:30:44]} 1-0

[Event "AalborgOgJetsmarkPartier"]
[Site "Strandvejen12-14, Aalborg"]
[Date "2018.03.04"]
[Round "1.6"]
[White "Schmidt, Kim"]
[Black "Lysberg, Jan Peter"]
[Result "1-0"]
[BlackElo "1937"]
[WhiteElo "1703"]
[LiveChessVersion "1.4.8"]

1. e4 {[%clk 1:30:56]} c6 {[%clk 1:30:53]} 2. d4 {[%clk 1:31:10]} d5
{[%clk 1:31:18]} 3. exd5 {[%clk 1:31:05]} cxd5 {[%clk 1:31:40]} 4. Nf3
{[%clk 1:31:12]} Nc6 {[%clk 1:31:40]} 5. c3 {[%clk 1:31:08]} Nf6 {[%clk 1:31:55]}
6. Be2 {[%clk 1:31:01]} Bf5 {[%clk 1:28:43]} 7. O-O {[%clk 1:28:16]} e6
{[%clk 1:27:37]} 8. Bg5 {[%clk 1:27:59]} Be7 {[%clk 1:24:12]} 9. Nbd2
{[%clk 1:25:56]} h6 {[%clk 1:23:59]} 10. Bh4 {[%clk 1:25:16]} O-O
{[%clk 1:23:18]} 11. Re1 {[%clk 1:23:03]} a6 {[%clk 1:22:34]} 12. Bxf6
{[%clk 1:19:25]} Bxf6 {[%clk 1:22:42]} 13. Nf1 {[%clk 1:19:53]} b5
{[%clk 1:17:02]} 14. a3 {[%clk 1:18:32]} Na5 {[%clk 1:13:02]} 15. Ng3
{[%clk 1:16:17]} Bh7 {[%clk 1:12:18]} 16. Bd3 {[%clk 1:14:17]} Bxd3
{[%clk 1:11:37]} 17. Qxd3 {[%clk 1:14:45]} Nc4 {[%clk 1:11:50]} 18. Rab1
{[%clk 1:14:01]} Qc7 {[%clk 1:11:17]} 19. Re2 {[%clk 1:07:19]} Rfc8
{[%clk 0:59:17]} 20. Nf1 {[%clk 1:01:13]} Rab8 {[%clk 0:53:09]} 21. Ne3
{[%clk 0:58:25]} a5 {[%clk 0:47:58]} 22. Nxc4 {[%clk 0:52:55]} Qxc4
{[%clk 0:47:16]} 23. Qxc4 {[%clk 0:52:58]} bxc4 {[%clk 0:47:34]} 24. Rc1
{[%clk 0:50:38]} Rb6 {[%clk 0:42:49]} 25. g3 {[%clk 0:50:19]} g5 {[%clk 0:42:32]}
26. h3 {[%clk 0:50:01]} Bd8 {[%clk 0:38:22]} 27. Kg2 {[%clk 0:48:28]} Rcb8
{[%clk 0:36:16]} 28. Rcc2 {[%clk 0:48:30]} f6 {[%clk 0:36:42]} 29. Nh2
{[%clk 0:48:08]} Kf7 {[%clk 0:36:26]} 30. Nf1 {[%clk 0:48:14]} Bc7
{[%clk 0:35:30]} 31. Ne3 {[%clk 0:40:53]} h5 {[%clk 0:32:20]} 32. Kf3
{[%clk 0:39:05]} f5 {[%clk 0:30:16]} 33. Rcd2 {[%clk 0:33:44]} Bd6
{[%clk 0:29:40]} 34. Nd1 {[%clk 0:32:03]} Bf8 {[%clk 0:29:48]} 35. Ne3
{[%clk 0:30:24]} Bh6 {[%clk 0:29:46]} 36. g4 {[%clk 0:30:11]} fxg4+
{[%clk 0:28:29]} 37. hxg4 {[%clk 0:30:23]} h4 {[%clk 0:28:56]} 38. Kg2
{[%clk 0:30:18]} Bf8 {[%clk 0:27:51]} 39. Nd1 {[%clk 0:27:51]} Bd6
{[%clk 0:27:59]} 40. Kh3 {[%clk 0:27:22]} Bf4 {[%clk 0:27:43]} 41. Rc2
{[%clk 0:27:38]} Ke7 {[%clk 0:27:29]} 42. a4 {[%clk 0:23:27]} Kd7
{[%clk 0:25:31]} 43. Ne3 {[%clk 0:21:41]} Rf8 {[%clk 0:24:55]} 44. Ng2
{[%clk 0:19:38]} Bd6 {[%clk 0:24:04]} 45. Ne3 {[%clk 0:19:15]} Rbb8
{[%clk 0:22:01]} 46. Kg2 {[%clk 0:12:05]} Rf4 {[%clk 0:20:14]} 47. Rc1
{[%clk 0:10:42]} Rbf8 {[%clk 0:18:24]} 48. Rh1 {[%clk 0:10:02]} Bc7
{[%clk 0:14:21]} 49. Rh3 {[%clk 0:09:40]} Kc6 {[%clk 0:11:42]} 50. Rd2
{[%clk 0:09:02]} Bb6 {[%clk 0:10:35]} 51. Rh1 {[%clk 0:00:51]} e5
{[%clk 0:06:32]} 52. Rhd1 {[%clk 0:30:54]} exd4 {[%clk 0:36:42]} 53. cxd4
{[%clk 0:31:21]} h3+ {[%clk 0:34:42]} 54. Kxh3 {[%clk 0:29:14]} Rxf2
{[%clk 0:34:46]} 55. Nf5 {[%clk 0:29:16]} Rf3+ {[%clk 0:26:36]} 56. Kg2
{[%clk 0:27:36]} Rf4 {[%clk 0:26:40]} 57. Re1 {[%clk 0:25:19]} Rxg4+
{[%clk 0:24:16]} 58. Kh3 {[%clk 0:25:38]} Re4 {[%clk 0:24:38]} 59. Rxe4
{[%clk 0:25:27]} dxe4 {[%clk 0:25:04]} 60. Kg4 {[%clk 0:25:46]} Rxf5
{[%clk 0:22:34]} 61. Kxf5 {[%clk 0:26:07]} Kd5 {[%clk 0:23:02]} 62. Kxg5
{[%clk 0:24:11]} e3 {[%clk 0:21:52]} 63. Re2 {[%clk 0:23:48]} Ke4
{[%clk 0:21:45]} 64. d5 {[%clk 0:24:00]} Kf3 {[%clk 0:21:08]} 65. Rc2
{[%clk 0:22:41]} e2 {[%clk 0:21:22]} 66. Rc1 {[%clk 0:22:36]} Be3+
{[%clk 0:21:46]} 1-0

[Event "AalborgOgJetsmarkPartier"]
[Site "Strandvejen12-14, Aalborg"]
[Date "2018.03.04"]
[Round "1.9"]
[White "Knudsen, Per"]
[Black "Grubert, Christian"]
[Result "1-0"]
[BlackElo "2139"]
[WhiteElo "2273"]
[LiveChessVersion "1.4.8"]

1. Nf3 {[%clk 1:30:54]} f5 {[%clk 1:30:43]} 2. e4 {[%clk 1:30:59]} fxe4
{[%clk 1:31:04]} 3. Ng5 {[%clk 1:31:24]} Nf6 {[%clk 1:31:09]} 4. d3
{[%clk 1:31:49]} Nc6 {[%clk 1:31:27]} 5. dxe4 {[%clk 1:25:59]} e6
{[%clk 1:31:04]} 6. Bd3 {[%clk 1:25:00]} Bc5 {[%clk 1:29:52]} 7. O-O
{[%clk 1:06:09]} O-O {[%clk 1:29:57]} 8. Nc3 {[%clk 0:53:22]} a6 {[%clk 1:24:14]}
9. Kh1 {[%clk 0:39:49]} h6 {[%clk 1:23:19]} 10. Nh3 {[%clk 0:39:49]} e5
{[%clk 1:14:00]} 11. f4 {[%clk 0:35:21]} exf4 {[%clk 1:10:13]} 12. Nxf4
{[%clk 0:33:06]} Ne5 {[%clk 1:10:04]} 13. Ncd5 {[%clk 0:32:02]} Nfg4
{[%clk 1:01:10]} 14. Qe1 {[%clk 0:27:15]} c6 {[%clk 0:53:28]} 15. Be3
{[%clk 0:24:57]} Nxe3 {[%clk 0:46:38]} 16. Nxe3 {[%clk 0:25:18]} Qg5
{[%clk 0:44:35]} 17. h4 {[%clk 0:19:10]} Qd8 {[%clk 0:41:52]} 18. Nf5
{[%clk 0:16:22]} d6 {[%clk 0:41:51]} 19. Qg3 {[%clk 0:14:48]} Bxf5
{[%clk 0:41:14]} 20. exf5 {[%clk 0:15:16]} Qf6 {[%clk 0:36:29]} 21. Nh5
{[%clk 0:09:09]} Qf7 {[%clk 0:36:26]} 22. Be2 {[%clk 0:09:38]} Kh8
{[%clk 0:35:16]} 23. Rae1 {[%clk 0:08:55]} Rg8 24. Nf4 {[%clk 0:06:47]} Rae8
{[%clk 0:25:29]} 25. Bh5 {[%clk 0:06:33]} Qc4 {[%clk 0:20:33]} 26. Bxe8
{[%clk 0:06:26]} Rxe8 {[%clk 0:21:02]} 27. Qb3 {[%clk 0:02:57]} Qxb3
{[%clk 0:17:56]} 28. axb3 {[%clk 0:03:23]} Kg8 {[%clk 0:16:21]} 29. Nd3
{[%clk 0:01:57]} Bd4 {[%clk 0:15:11]} 30. Rf4 {[%clk 0:02:07]} c5
{[%clk 0:13:19]} 31. c3 {[%clk 0:01:11]} Nxd3 {[%clk 0:12:50]} 32. Rxe8+
{[%clk 0:01:37]} Kf7 {[%clk 0:13:08]} 33. Rxd4 {[%clk 0:00:52]} cxd4
{[%clk 0:12:05]} 34. Rb8 {[%clk 0:01:17]} dxc3 {[%clk 0:11:40]} 35. Rxb7+
{[%clk 0:01:35]} Kf6 {[%clk 0:11:31]} 36. bxc3 {[%clk 0:02:01]} Nc5
{[%clk 0:11:28]} 37. Rb6 {[%clk 0:02:10]} Kxf5 {[%clk 0:11:04]} 38. Rxd6
{[%clk 0:02:28]} Nxb3 {[%clk 0:11:10]} 39. Rxa6 {[%clk 0:02:54]} 1-0

[Event "AalborgOgJetsmarkPartier"]
[Site "Strandvejen12-14, Aalborg"]
[Date "2018.03.04"]
[Round "1.10"]
[White "Rasmussen, Henning Lau"]
[Black "Hundebøll, Flemming"]
[Result "1-0"]
[BlackElo "2172"]
[WhiteElo "2123"]
[LiveChessVersion "1.4.8"]

1. d4 {[%clk 1:30:53]} Nf6 {[%clk 1:30:56]} 2. c4 {[%clk 1:31:09]} g6
{[%clk 1:31:21]} 3. Nc3 {[%clk 1:30:49]} d5 {[%clk 1:31:45]} 4. Nf3
{[%clk 1:28:08]} Bg7 {[%clk 1:32:03]} 5. g3 {[%clk 1:26:44]} c6 {[%clk 1:31:09]}
6. Bg2 {[%clk 1:24:52]} O-O {[%clk 1:31:29]} 7. O-O {[%clk 1:22:39]} dxc4
{[%clk 1:31:24]} 8. a4 {[%clk 1:20:13]} a5 {[%clk 1:31:21]} 9. e4
{[%clk 1:12:48]} Nfd7 {[%clk 1:22:38]} 10. Qe2 {[%clk 1:07:09]} Nb6
{[%clk 1:22:37]} 11. Rd1 {[%clk 1:04:32]} Na6 {[%clk 1:15:07]} 12. d5
{[%clk 0:58:21]} cxd5 {[%clk 1:03:09]} 13. Nxd5 {[%clk 0:56:29]} Nxd5
{[%clk 0:59:58]} 14. Rxd5 {[%clk 0:56:34]} Qb6 {[%clk 0:59:21]} 15. Rb5
{[%clk 0:56:15]} Qc6 {[%clk 0:59:25]} 16. Ne5 {[%clk 0:48:25]} Qe6
{[%clk 0:55:56]} 17. Nxc4 {[%clk 0:46:35]} Bd7 {[%clk 0:46:57]} 18. Rb6
{[%clk 0:41:43]} Bc6 {[%clk 0:46:58]} 19. Be3 {[%clk 0:41:03]} Nb4
{[%clk 0:45:41]} 20. Bc5 {[%clk 0:33:17]} Qd7 {[%clk 0:39:47]} 21. Bxb4
{[%clk 0:27:21]} axb4 {[%clk 0:38:40]} 22. Rxb4 {[%clk 0:27:38]} Qd4
{[%clk 0:32:55]} 23. Qe1 {[%clk 0:24:52]} Qa7 {[%clk 0:30:25]} 24. Nb6
{[%clk 0:22:13]} Rad8 {[%clk 0:30:35]} 25. e5 {[%clk 0:17:09]} Bxg2
{[%clk 0:27:19]} 26. Kxg2 {[%clk 0:17:36]} Rd3 {[%clk 0:27:23]} 27. Ra3
{[%clk 0:14:05]} Rxa3 {[%clk 0:25:47]} 28. bxa3 {[%clk 0:14:33]} Rd8
{[%clk 0:25:51]} 29. Rb5 {[%clk 0:12:06]} e6 {[%clk 0:22:31]} 30. Qc3
{[%clk 0:11:19]} Bf8 {[%clk 0:17:00]} 31. a5 {[%clk 0:09:02]} Qa6
{[%clk 0:15:14]} 32. a4 {[%clk 0:09:08]} Kg7 {[%clk 0:14:50]} 33. h4
{[%clk 0:08:05]} h5 {[%clk 0:14:56]} 34. Kh3 {[%clk 0:03:59]} Qa7
{[%clk 0:14:46]} 35. Qc7 {[%clk 0:03:38]} Rd2 {[%clk 0:11:34]} 36. Kg2
{[%clk 0:04:06]} Rd1 {[%clk 0:09:12]} 37. Rb3 {[%clk 0:02:24]} Qa6
{[%clk 0:06:41]} 38. Nc4 {[%clk 0:02:07]} Qc6+ {[%clk 0:04:29]} 39. Qxc6
{[%clk 0:02:29]} bxc6 {[%clk 0:04:58]} 40. a6 {[%clk 0:01:27]} Bc5
{[%clk 0:04:49]} 41. a5 {[%clk 0:00:57]} Ra1 {[%clk 0:01:46]} 42. Rb6 1-0